Normal view
MARC view
Entry Personal Name
001 - CONTROL NUMBER
- control field: 14121
003 - CONTROL NUMBER IDENTIFIER
- control field: BD-RjUL
005 - DATE AND TIME OF LATEST TRANSACTION
- control field: 20241105124001.0
008 - FIXED-LENGTH DATA ELEMENTS
- fixed length control field: 241105|| aca||aabn | a|a d
040 ## - CATALOGING SOURCE
- Original cataloging agency: BD-RjUL
- Transcribing agency: BD-RjUL
100 ## - HEADING--PERSONAL NAME
- Personal name: তুরুকখলী, আব্দুল হান্নান
670 ## - SOURCE DATA FOUND
- Source citation: Work cat.: (BD-RjUL)84244: তুরুকখলী, আব্দুল হান্নান , মুক্তমঞ্চ /, ২০২৪